Fast & easy ECGs : (Record no. 152447)

MARC details
000 -LEADER
fixed length control field 00748nam a2200241 a 4500
001 - CONTROL NUMBER
control field vtls003248073
003 - CONTROL NUMBER IDENTIFIER
control field MY-SjTCS
005 - DATE AND TIME OF LATEST TRANSACTION
control field 20200226115715.0
008 - FIXED-LENGTH DATA ELEMENTS--GENERAL INFORMATION
fixed length control field 121207s2013 a 001 0 eng d
020 ## - INTERNATIONAL STANDARD BOOK NUMBER
International Standard Book Number 9780073519753 (pbk.)
020 ## - INTERNATIONAL STANDARD BOOK NUMBER
International Standard Book Number 0073519758 (pbk.)
039 #9 - LEVEL OF BIBLIOGRAPHIC CONTROL AND CODING DETAIL [OBSOLETE]
Level of rules in bibliographic description 201301221534
Level of effort used to assign nonsubject heading access points wilmina
-- 201212071639
-- shaqilah
082 04 - DEWEY DECIMAL CLASSIFICATION NUMBER
Classification number 616.1207547
Item number SHA 2013
100 1# - MAIN ENTRY--PERSONAL NAME
Personal name Shade, Bruce R.
9 (RLIN) 66984
245 10 - TITLE STATEMENT
Title Fast & easy ECGs :
Remainder of title a self-paced learning program /
Statement of responsibility, etc. Bruce Shade.
246 3# - VARYING FORM OF TITLE
Title proper/short title Fast and easy ECGs
250 ## - EDITION STATEMENT
Edition statement 2nd ed.
260 ## - PUBLICATION, DISTRIBUTION, ETC.
Place of publication, distribution, etc. New York :
Name of publisher, distributor, etc. McGraw-Hill,
Date of publication, distribution, etc. c2013.
300 ## - PHYSICAL DESCRIPTION
Extent xxviii, 708 p. :
Other physical details ill. ;
Dimensions 25 cm
500 ## - GENERAL NOTE
General note Includes index.
650 #0 - SUBJECT ADDED ENTRY--TOPICAL TERM
Topical term or geographic name entry element Electrocardiography
General subdivision Interpretation.
920 ## - Programme
Programme SMN : 192636
Holdings
Withdrawn status Lost status Source of classification or shelving scheme Damaged status Not for loan Home library Current library Date acquired Cost, normal purchase price Total Checkouts Barcode Date last seen Date last checked out Copy number Cost, replacement price Koha item type Public note
    Dewey Decimal Classification     Clinical School Clinical School 12/12/2012 288.00 27 5000139038 07/12/2021 20/10/2021 1 288.00 SOM Main Collection SOMxx,33001,03,CL